000 00591nam a22001697a 4500
020 _qHBK.
082 _a200
100 _aNawaz, Khalid
245 _aLiquid Phase Exfoliation of Graphite to Graphene & its Applications in Polymeric Nanocomposites /
_cKhalid Nawaz.
260 _aIslamabad:
_bSCME - NUST,
_c2015.
300 _a160 p. : ill. ;
_c30cm.
650 _aPhD- Materials Engineering
_9123162
700 _aDr. Noaman Ul Haq.
_919259
856 _uhttp://10.250.8.41:8080/xmlui/handle/123456789/21458
942 _2ddc
_cTHE
999 _c527810
_d527810